Novelas escogidas de voltaire. (Registro nro. 40393)
[ vista simple ]
| 000 -CABECERA | |
|---|---|
| campo de control de longitud fija | 00250nam a2200097 a 4500 |
| 005 - FECHA Y HORA DE LA ÚLTIMA TRANSACCIÓN | |
| campo de control | 20201002034450.0 |
| 008 - DATOS DE LONGITUD FIJA--INFORMACIÓN GENERAL | |
| campo de control de longitud fija | 130911s2004 000 spa d |
| 040 ## - FUENTE DE LA CATALOGACIÓN | |
| Centro catalogador/agencia de origen | DO-SdBNP |
| 245 #0 - MENCIÓN DE TÍTULO | |
| Título | Novelas escogidas de voltaire. |
| 260 ## - PUBLICACIÓN, DISTRIBUCIÓN, ETC. | |
| Lugar de publicación, distribución, etc. | Paris--, |
| Fecha de publicación, distribución, etc. | s. f.-- 387 p. |
No hay ítems disponibles.
